000 00663nam a2200229Ia 4500
005 20241216010256.0
008 180423s9999||||xx |||||||||||||| ||und||
020 _a84-277-1138-7
082 _a370.114
_bI59
100 _aINST. DE ESTUDIOS PEDAGOGICOS SOMOSAGUAS
245 0 _aEDUCACION EN VALORES: DISEÑO DE UN EJE TRANSVERSAL
250 _a0
260 _aMADRID - ESPAÑA
_bNARCEA S. A.
_c1995
300 _a68 pag.
_c22 cm
341 _h21
490 _v0
_a0
505 _aPLANTEAMIENTO DEL TRABAJO/EXPERIENCIAS
541 _aC
_bLIBRERIA SAN CRISTOBAL
_d27-May-03
_odólar
650 _aCIENCIAS SOCIALES
856 _zHumanidades
942 _cLIBRO
999 _c10141
_d10141